000 00769nam a22002057a 4500
999 _c10711
_d10711
003 AR-CdUCM
008 190401b ||||| |||| 00| 0 spa d
040 _aMUNICIPALIDAD PROVINCIAL DEL CUSCO
_cBIBLIOTECA MUNICIPAL DEL CUSCO
082 _aES / 800 /
_bL82
100 _aLondon, Jack
_927709
245 _aEl llamado de lo salvaje /
260 _aLima :
_bFondo editorial navarrete,
300 _a128 paginas ;
_c14 cm.
440 _aSerie descubrimiento literario.
_927685
505 _aContenido :Hacia lo primitivo -- La ley del garrote y del colmillo -- La conquista del poder -- Los ecos de la llamada -- Por el amor de un hombre ...
650 _aLiteratura peruana
_9169
650 _aLiteratura contemporánea
_9759
942 _2ddc
_cLIBROS
945 _arum